000 00229 a2200097 4500
020 _a013429907027
041 _aspa
100 _aJennyfer moore Mallinos
245 _aTodos necesitamos que nos ayuden de vez en cuando
942 _cK
999 _c30482
_d30480